Globalisation patterns in EU trade and investment

Gespeichert in:
Bibliographische Detailangaben
Körperschaft: Eurostat
Format: Buch
Sprache:Englisch
Veröffentlicht: Luxembourg Publications Office of the European Union 2017
Ausgabe:2017 edition
Schriftenreihe:Statistical books
Schlagworte:
Tags: Tag hinzufügen
Keine Tags, Fügen Sie das erste Tag hinzu!

MARC

LEADER 00000nam a2200000 4500
001 0240069
005 20240314122951.8
020 |a 978-92-79-76586-5 
041 0 |a eng 
044 |a LU 
245 1 0 |a Globalisation patterns in EU trade and investment 
250 |a 2017 edition 
264 1 |a Luxembourg  |b Publications Office of the European Union  |c 2017 
300 |a 216 s. 
490 1 |a Statistical books 
830 0 |a Statistical books 
610 2 0 |a obchod zahraničný 
610 2 0 |a obchod medzinárodný 
610 2 0 |a globalizácia 
610 2 0 |a investície priame zahraničné 
610 2 0 |a investovanie 
610 2 0 |a Európska únia 
610 2 0 |a tovar 
610 2 0 |a služby 
610 2 0 |a doprava 
610 2 0 |a mena 
610 2 0 |a porovnanie štatistické medzinárodné 
710 2 |a Eurostat